书目信息 |
| 题名: |
国际集装箱多式联运实务与法规
|
|
| 作者: | 杨志刚 , 王立坤 , 周鑫 编著 | |
| 分册: | ||
| 出版信息: | 北京 化学工业出版社 2008 |
|
| 页数: | 378页 | |
| 开本: | 21cm | |
| 丛书名: | ||
| 单 册: | ||
| 中图分类: | U169.6 , D922.296 | |
| 科图分类: | ||
| 主题词: | 国际运输--集装箱运输--联合运输--交通运输管理 , 国际运输 , 集装箱运输 , 联合运输 , 交通运输管理 | |
| 电子资源: | ||
| ISBN: | 978-7-122-03343-7 | |
| 000 | 01245nam0 2200301 45 | |
| 005 | 20100303144607.18 | |
| 010 | @a978-7-122-03343-7@dCNY38.00 | |
| 100 | @a20100121d2008 em y0chiy0120 ea | |
| 101 | 0 | @achi |
| 102 | @aCN@b110000 | |
| 105 | @ay z 000yy | |
| 106 | @ar | |
| 200 | 1 | @a国际集装箱多式联运实务与法规@AGuo Ji Ji Zhuang Xiang Duo Shi Lian Yun Shi Wu Yu Fa Gui@f杨志刚,王立坤,周鑫编著@FYang Zhi Gang, Wang Li Kun, Zhou Xin Bian Zhu |
| 210 | @a北京@c化学工业出版社@d2008 | |
| 215 | @a378页@d21cm | |
| 330 | @a本书较详尽地叙述了国际集装箱多式联运的基本理论、法规和操作实务,就国际多式联运经营人、国际贸易主要交易条件、集装箱多式联运提单、国际多式联运方式、国际多式联运法规、国际多式联运业务运作、国际多式联运货运事故处理、集装箱运输口岸管理等国际集装箱多式联运的全过程进行了深入浅出的论述,并结合相关案例进行了分析。 | |
| 606 | 0 | @a国际运输@x集装箱运输@x联合运输@x交通运输管理 |
| 606 | 0 | @a国际运输 |
| 606 | 0 | @a集装箱运输 |
| 606 | 0 | @a联合运输 |
| 606 | 0 | @a交通运输管理 |
| 690 | @aU169.6@v4 | |
| 690 | @aD922.296@v4 | |
| 701 | 0 | @a杨志刚@AYang Zhi Gang@4编著 |
| 701 | 0 | @a王立坤@AWang Li Kun@4编著 |
| 701 | 0 | @a周鑫@AZhou Xin@4编著 |
| 801 | 0 | @aCN@bTANGWEI@c20100303 |
| 905 | @b0585175-77@dU169.6@e194@f3 | |
| 国际集装箱多式联运实务与法规/杨志刚,王立坤,周鑫编著.-北京:化学工业出版社,2008 |
| 378页;21cm |
| ISBN 978-7-122-03343-7:CNY38.00 |
| 本书较详尽地叙述了国际集装箱多式联运的基本理论、法规和操作实务,就国际多式联运经营人、国际贸易主要交易条件、集装箱多式联运提单、国际多式联运方式、国际多式联运法规、国际多式联运业务运作、国际多式联运货运事故处理、集装箱运输口岸管理等国际集装箱多式联运的全过程进行了深入浅出的论述,并结合相关案例进行了分析。 |
| ● |
| 相关链接 |
|
|
|
|
正题名:国际集装箱多式联运实务与法规
索取号:U169.6/194
 
预约/预借
| 序号 | 登录号 | 条形码 | 馆藏地/架位号 | 状态 | 备注 |
| 1 | 0585175 | 205851755 | 第二样本阅览室/ [索取号:U169.6/194] | 在馆 | |
| 2 | 0585176 | 205851764 | 第三借阅区/ [索取号:U169.6/194] | 在馆 | |
| 3 | 0585177 | 205851773 | 第三借阅区/ [索取号:U169.6/194] | 在馆 |